| 000 | 00705nam a22001937a 4500 | ||
|---|---|---|---|
| 005 | 20180621144032.0 | ||
| 010 | _a1718EN-30 B-687122-136 | ||
| 020 |
_a9789384370602 _c195.00 |
||
| 035 | _aB-687122-136 | ||
| 037 |
_adpl _bTBI |
||
| 082 | _a158.2 | ||
| 100 | _aCarnegie, Dale | ||
| 245 |
_aHow to win friends & influence people / _cby Dale Carnegie |
||
| 260 |
_aNew Delhi _bManakin Press _c2016 |
||
| 270 |
_aB-300, Okhla Industrial Area Phase-I, _bNew Delhi _e110020 |
||
| 300 |
_a272p. _c21cm(pbk) |
||
| 942 |
_2ddc _cEN _mCAR _h158.2 |
||
| 999 |
_c145712 _d145712 |
||